| 000 | 01049cam a22003134a 4500 | ||
|---|---|---|---|
| 001 | 17005721 | ||
| 003 | Nust- CAS-E | ||
| 005 | 20180118181359.0 | ||
| 008 | 111019s2012 flua b 001 0 eng | ||
| 010 | _a 2011038367 | ||
| 016 | 7 |
_a015841967 _2Uk |
|
| 020 | _a9781439876343 | ||
| 035 | _a(OCoLC)ocn707965946 | ||
| 040 |
_aDLC _cDLC _dYDX _dBTCTA _dYDXCP _dUKMGB _dBWX _dCDX _dDLC |
||
| 042 | _apcc | ||
| 043 | _ae-ur--- | ||
| 050 | 0 | 0 |
_aTN808.U4 _bA44 2012 |
| 082 | 0 | 0 |
_a622.33409477 _223 _bALE 2012 |
| 100 | 1 | _aAlexeev, Anatoly D. | |
| 245 | 1 | 0 |
_aPhysics of coal and mining processes / _cAnatoly D. Alexeev. |
| 260 |
_aBoca Raton, FL : _bCRC Press, _cc2012. |
||
| 300 |
_axiii, 369 p. : _bill. ; _c24 cm. |
||
| 504 | _aIncludes bibliographical references and index. | ||
| 650 | 0 |
_aCoal mines and mining _zUkraine. |
|
| 650 | 0 |
_aMining engineering _zUkraine. |
|
| 906 |
_a7 _bcbc _corignew _d1 _eecip _f20 _gy-gencatlg |
||
| 942 |
_2ddc _cBK |
||
| 999 |
_c355363 _d355363 |
||